| 000 | 00686nam a2200193 i 4500 | ||
|---|---|---|---|
| 001 | 138769 | ||
| 003 | ES-MaACL | ||
| 005 | 20251114125020.0 | ||
| 007 | t| | ||
| 008 | 070214s1913 phl r ||||1| spa d | ||
| 100 | 1 |
_aSantos Cristóbal, Epifanio de los. _9103496 |
|
| 245 | 1 | 0 |
_aTrinidad H. Pardo de Tavera / _cpor Epifanio de los Santos Cristóbal. |
| 260 |
_a[S. l. : _bs. n.], _c1913 ( _eManila : _fImp. `Cultura Filipina`) |
||
| 300 |
_a183 p., 1 lám. = retr. de Pardo de Tavera ; _c23 cm. |
||
| 500 | _aEs reimp. de: `Cultura Filipina`, octubre 1913. | ||
| 600 | 1 | 7 |
_aPardo de Tavera, T. H., _d1857-1925 _2 _9152888 |
| 852 |
_aES-MaACL _jT-1470-F-1 |
||
| 999 |
_c138769 _d138769 |
||